Neuroftalmología
Enregistré dans:
| Collectivité auteur: | |
|---|---|
| Format: | Livre |
| Langue: | espagnol |
| Publié: |
Barcelona
Elsevier Barcelona
2013
|
| Collection: | Curso de Ciencias Básicas y Clínicas. Sección 5, 2011-2012
|
| Sujets: | |
| Tags: |
Ajouter un tag
Pas de tags, Soyez le premier à ajouter un tag!
|
MARC
| LEADER | 00000cam a2200000 a 4500 | ||
|---|---|---|---|
| 001 | UCF7115 | ||
| 003 | CL-VaPUC | ||
| 008 | 130606e20130000SP |||||||||||||||||spa|d | ||
| 020 | |a 9788480869829 | ||
| 082 | 0 | 4 | |a 617.732 |b AME |2 21 |
| 110 | 2 | |a American Academy of Ophthalmology |e author |9 569096 | |
| 245 | 1 | 0 | |a Neuroftalmología |
| 300 | |a 399 p | ||
| 942 | |c BK | ||
| 945 | |d 20130606 00:00:00 |a dcastane | ||
| 260 | |a Barcelona |b Elsevier Barcelona |c 2013 | ||
| 650 | 0 | |a Oftalmología |9 343851 | |
| 650 | 0 | |a Enfermedades de los ojos |9 351395 | |
| 650 | 7 | |a NERVIOS SENSITIVOS |2 CL-VaPUC |9 375102 | |
| 583 | |a last modification |c 20130606 11:56:00 |k Rodrigo Vera | ||
| 490 | 0 | |a Curso de Ciencias Básicas y Clínicas. Sección 5, 2011-2012 | |
| 999 | |c 352034 |d 352032 | ||
| 952 | |0 0 |1 0 |4 0 |6 617_732000000000000_AME_2013 |7 0 |8 A |9 456537 |a BIBCUR |b BIBCUR |d 2019-11-22 |i 4977270 |l 23 |m 12 |o 617.732 AME 2013 |p 4977270 |r 2025-04-22 |s 2025-04-01 |w 2019-11-22 |y BK |k TEM | ||